| 000 | 00450cam a2200169 4500 | ||
|---|---|---|---|
| 020 | _a067508895X | ||
| 040 | _cDLC | ||
| 082 | 0 | 0 | _a333 MER 1974 A070 Or. |
| 100 | 1 | _aHerfindahl, Orris C. | |
| 245 | 1 | 0 | _aEconomic theory of natural resources |
| 260 |
_aColumbus, Ohio, _bMerrill _c[1974] |
||
| 300 |
_ax, 405 p. _billus. _c26 cm. |
||
| 650 | 0 | _aNatural resources. | |
| 650 | 0 | _aEconomics, Mathematical. | |
| 700 | 1 | _aKneese, Allen V., | |
| 942 | _cEK | ||
| 999 |
_c14776 _d14776 |
||